Riconoscere i piatti in base agli ingredienti - Statistics

Statistiche generali
  • Questo quiz è stato fatto 87 volte
  • Il punteggio medio è 5 su 9
Statistiche sulle risposte
Ingredienti Risposta % Corretto
Farina, acqua, lievito, sale, salsa di pomodoro, mozzarella Pizza Margherita
91%
Mascarpone, caffè, savoiardi, cacao Tiramisù
89%
Riso, aceto, alga nori, salmone Sushi
83%
Farina, acqua, sale, lievito Pane
81%
Farina, uova, burro, pangrattato, carne di vitello Cotoletta alla viennese
51%
Ceci, tahini, limone, aglio, olio d'oliva Hummus
49%
Patate, latte, burro, noce moscata Purè di patate
37%
Uova, pancetta, parmigiano, spaghetti Spaghetti alla carbonara
26%
Carne macinata, cipolle, pomodori, fagioli, peperoncino Chili con carne
19%
Nessun quiz corrispondente trovato
Distribuzione punteggi
Percentuale di utenti per punteggio
Percentile per numero di risposta
I tuoi punteggi nel tempo
Non hai fatto questo quiz